000 00586nam a2200205Ia 4500
005 20260429112211.0
008 260429s9999||||xx |||||||||||||| ||und||
020 _a9781466517998
041 _aEnglish
082 _a665.81
_bDAS
100 _aDas, Debabrata
245 0 _aBiohydrogen production :
_bfundamentals and technology advances /
_cDebabrata Das
260 _aBoca Raton :
_bCRC Press,
_c2014.
300 _axx, 384 p.; hb
650 _a Hydrogen
650 _aIndustrial technology
700 _a Dasgupta, Chitralekha Nag
700 _a Khanna, Namita
942 _cTB
999 _c52864
_d52864